<?xml version="1.0" encoding="UTF-8"?>
<record
    xmlns:xsi="http://www.w3.org/2001/XMLSchema-instance"
    xsi:schemaLocation="http://www.loc.gov/MARC21/slim http://www.loc.gov/standards/marcxml/schema/MARC21slim.xsd"
    xmlns="http://www.loc.gov/MARC21/slim">

  <leader>00516nam a2200181Ia 4500</leader>
  <datafield tag="999" ind1=" " ind2=" ">
    <subfield code="c">3693</subfield>
    <subfield code="d">3693</subfield>
  </datafield>
  <controlfield tag="003">GBCCL</controlfield>
  <controlfield tag="005">20241126110501.0</controlfield>
  <controlfield tag="008">171201b        xxu||||| |||| 00| 0 eng d</controlfield>
  <datafield tag="020" ind1=" " ind2=" ">
    <subfield code="a">1 85240 110 9</subfield>
  </datafield>
  <datafield tag="040" ind1=" " ind2=" ">
    <subfield code="c">gbc</subfield>
  </datafield>
  <datafield tag="082" ind1=" " ind2=" ">
    <subfield code="a">248.86</subfield>
    <subfield code="b">GIB</subfield>
  </datafield>
  <datafield tag="100" ind1=" " ind2=" ">
    <subfield code="a">Gibson, Phyl</subfield>
    <subfield code="9">7315</subfield>
  </datafield>
  <datafield tag="245" ind1=" " ind2=" ">
    <subfield code="a">Excuse me Your Rejection is showing /</subfield>
    <subfield code="c">Noel &amp; Phyl Gibson</subfield>
  </datafield>
  <datafield tag="260" ind1=" " ind2=" ">
    <subfield code="b">Sovereign World,</subfield>
    <subfield code="a">England:</subfield>
    <subfield code="c">1997</subfield>
  </datafield>
  <datafield tag="300" ind1=" " ind2=" ">
    <subfield code="a">256p.;</subfield>
    <subfield code="b">ill.,</subfield>
    <subfield code="c">20 cm.</subfield>
  </datafield>
  <datafield tag="650" ind1=" " ind2=" ">
    <subfield code="a">Rejection</subfield>
    <subfield code="v">Religious Aspects</subfield>
    <subfield code="x">Christianity</subfield>
    <subfield code="9">7316</subfield>
  </datafield>
  <datafield tag="942" ind1=" " ind2=" ">
    <subfield code="2">ddc</subfield>
    <subfield code="c">BK</subfield>
  </datafield>
  <datafield tag="952" ind1=" " ind2=" ">
    <subfield code="0">0</subfield>
    <subfield code="1">0</subfield>
    <subfield code="2">ddc</subfield>
    <subfield code="4">0</subfield>
    <subfield code="7">0</subfield>
    <subfield code="a">GBC</subfield>
    <subfield code="b">GBC</subfield>
    <subfield code="c">MNMS</subfield>
    <subfield code="d">2017-12-01</subfield>
    <subfield code="l">0</subfield>
    <subfield code="o">248.86 GIB</subfield>
    <subfield code="p">008116</subfield>
    <subfield code="r">2025-05-01 00:00:00</subfield>
    <subfield code="t">c.1</subfield>
    <subfield code="w">2024-11-26</subfield>
    <subfield code="y">BK</subfield>
  </datafield>
  <datafield tag="952" ind1=" " ind2=" ">
    <subfield code="0">0</subfield>
    <subfield code="1">0</subfield>
    <subfield code="2">ddc</subfield>
    <subfield code="4">0</subfield>
    <subfield code="7">0</subfield>
    <subfield code="a">GBC</subfield>
    <subfield code="b">GBC</subfield>
    <subfield code="c">MNMS</subfield>
    <subfield code="d">2017-12-01</subfield>
    <subfield code="l">0</subfield>
    <subfield code="o">248.86 GIB</subfield>
    <subfield code="p">008120</subfield>
    <subfield code="r">2025-05-01 00:00:00</subfield>
    <subfield code="t">c.2</subfield>
    <subfield code="w">2024-11-26</subfield>
    <subfield code="y">BK</subfield>
  </datafield>
  <datafield tag="952" ind1=" " ind2=" ">
    <subfield code="0">0</subfield>
    <subfield code="1">0</subfield>
    <subfield code="2">ddc</subfield>
    <subfield code="4">0</subfield>
    <subfield code="7">0</subfield>
    <subfield code="a">GBC</subfield>
    <subfield code="b">GBC</subfield>
    <subfield code="c">MNMS</subfield>
    <subfield code="d">2018-02-28</subfield>
    <subfield code="l">0</subfield>
    <subfield code="o">248.86 GIB</subfield>
    <subfield code="p">008131</subfield>
    <subfield code="r">2025-05-01 00:00:00</subfield>
    <subfield code="t">c.3</subfield>
    <subfield code="w">2018-02-28</subfield>
    <subfield code="y">BK</subfield>
  </datafield>
  <datafield tag="952" ind1=" " ind2=" ">
    <subfield code="0">0</subfield>
    <subfield code="1">0</subfield>
    <subfield code="2">ddc</subfield>
    <subfield code="4">0</subfield>
    <subfield code="7">0</subfield>
    <subfield code="a">GBC</subfield>
    <subfield code="b">GBC</subfield>
    <subfield code="c">MNMS</subfield>
    <subfield code="d">2018-02-28</subfield>
    <subfield code="l">0</subfield>
    <subfield code="o">248.86 GIB</subfield>
    <subfield code="p">008132</subfield>
    <subfield code="r">2025-05-01 00:00:00</subfield>
    <subfield code="t">c.4</subfield>
    <subfield code="w">2018-02-28</subfield>
    <subfield code="y">BK</subfield>
  </datafield>
  <datafield tag="952" ind1=" " ind2=" ">
    <subfield code="0">0</subfield>
    <subfield code="1">0</subfield>
    <subfield code="2">ddc</subfield>
    <subfield code="4">0</subfield>
    <subfield code="7">0</subfield>
    <subfield code="a">GBC</subfield>
    <subfield code="b">GBC</subfield>
    <subfield code="c">MNMS</subfield>
    <subfield code="d">2018-02-28</subfield>
    <subfield code="l">0</subfield>
    <subfield code="o">248.86 GIB</subfield>
    <subfield code="p">008160</subfield>
    <subfield code="r">2025-05-01 00:00:00</subfield>
    <subfield code="t">c.5</subfield>
    <subfield code="w">2018-02-28</subfield>
    <subfield code="y">BK</subfield>
  </datafield>
</record>
